[Event "18th Charleroi Open-A 2019"]
[Site "Charleroi"]
[Date "2019.07.28"]
[Round "2.6"]
[White "Werner, Ivan"]
[Black "Maerevoet, Sim"]
[Result "1-0"]
[WhiteElo "2129"]
[BlackElo "2321"]
[Annotator "TA"]
[PlyCount "109"]
[EventDate "2019.07.22"]
[EventType "swiss"]
[EventCountry "BEL"]
[SourceTitle "playchess.com"]
[Source "ChessBase"]
[SourceQuality "1"]

{[%evp 10,109,35,27,43,29,42,29,65,44,66,29,46,40,49,44,54,56,56,39,61,55,57,60,83,95,89,77,97,95,101,48,82,74,131,131,135,123,145,119,124,134,143,127,135,111,120,132,184,157,133,112,115,131,129,156,325,207,207,207,207,207,207,207,326,325,424,407,29954,29957,29956,29957,29956,29957,29953,29951,29942,29956,29966,29967,29966,5293,29971,29972,29972,29973,29971,29972,29974,29974,29973,29974,29973,29972,29978,29979,29981,29982,29982,29983,29981,29982]} 1. d4 Nf6 2. c4 g6 3. Nc3 Bg7 4. e4 d6 5. Bd3 Nc6 6. Nge2 Nd7 {E70: King's Indian: Miscellaneous lines with 4 e4, including 5 Nge2 and 5 Bd3 0-0 6 Nge2} (6... e5 7. d5 Nd4 8. Nxd4 exd4 9. Ne2 O-O 10. O-O Re8 11. f3 c5 12. Bg5 h6 13. Bh4 Qa5 14. a4 a6 15. h3 Rb8 16. Qc1 g5 17. Be1 Qd8 18. Ng3 Nd7 19. Nh5 Ne5 20. Qc2 Bh8 21. Bg3 {½-½ (38) Moiseenko,A (2648)-Hausrath,D (2493) Germany 2019}) 7. Bc2 e5 {[%cal Rc6d4]} 8. d5 Ne7 {White has an edge.} 9. O-O a5 10. Rb1 O-O 11. Bg5 $146 ({Predecessor:} 11. a3 Nb6 12. b3 c5 13. dxc6 bxc6 14. Be3 Be6 15. Bxb6 Qxb6 16. Qxd6 {1-0 (38) Pastar,S (2307)-Bajramovic,H (2107) Bosanska Krupa 2018}) 11... h6 12. Be3 f5 13. exf5 Nxf5 14. Ng3 Nf6 15. Nxf5 Bxf5 16. f3 h5 17. Qd2 b6 18. Bg5 Rf7 19. Rbe1 Qf8 20. h3 (20. Bxf5 $16 gxf5 21. Nb5) 20... Nh7 21. Be3 h4 (21... Bf6 $142) 22. Ne4 $16 Qe7 23. a3 Bf6 24. b4 axb4 25. axb4 Kh8 26. Ra1 Rff8 27. c5 bxc5 28. bxc5 Rg8 (28... Bxe4 $16 29. Bxe4 Bg5) 29. Rxa8 Rxa8 30. Rb1 Bxe4 31. Bxe4 Bg5 32. Bxg6 Rg8 $2 (32... Bxe3+ $16 33. Qxe3 Qg5 34. Qxg5 Nxg5) 33. cxd6 cxd6 {[#]} 34. Bxh7 $1 Qxh7 35. Rb4 Bd8 {intending ...Ba5.} 36. Rg4 Rxg4 (36... Qf7 $142 37. Qc2 Be7) 37. hxg4 $18 ({Not} 37. fxg4 Qb1+ 38. Qc1 Qb3 $16) 37... h3 38. gxh3 Qxh3 (38... Be7 $18 39. Kg2 Bh4) 39. Qh2 Qxh2+ 40. Kxh2 {[%mdl 4096] Endgame KB-KB} Kg7 41. Kg3 Kg6 42. Kf2 Be7 43. Ke2 Bf8 44. Kd3 Kf7 45. Kc4 (45. Bg5 $142 Bg7 46. Ke4 Bh8 47. Kf5 e4 48. fxe4 Bc3 49. Bf4 Bb4 50. g5) 45... Ke8 46. Kb5 {White mates.} Kd7 47. Bg5 Bg7 48. Kb6 Bh8 49. Bh6 Bf6 50. g5 Bd8+ 51. Kb7 Ba5 52. Bf8 Bb4 53. g6 Ke8 54. g7 Kf7 55. Kc6 {Accuracy: White = 63%, Black = 32%.} 1-0

[Event "18th Charleroi Open-A 2019"]
[Site "Charleroi"]
[Date "2019.07.28"]
[Round "2.7"]
[White "Capone, Nicola"]
[Black "Roos, David"]
[Result "1-0"]
[WhiteElo "2297"]
[BlackElo "2114"]
[Annotator "NA"]
[PlyCount "35"]
[EventDate "2019.07.22"]
[EventType "swiss"]
[EventCountry "BEL"]
[SourceTitle "playchess.com"]
[Source "ChessBase"]
[SourceQuality "1"]
[TimeControl "40/5400+30:1800+30"]

1. e4 {[%emt 0:00:00]} c5 {[%emt 0:00:00]} 2. Nc3 {[%emt 0:00:00]} Nc6 {[%emt 0:00:00]} 3. Nf3 {[%emt 0:00:00]} d6 {[%emt 0:00:41]} 4. d4 {[%emt 0:00:00]} cxd4 {[%emt 0:00:04]} 5. Nxd4 {[%emt 0:00:00]} Nf6 {[%emt 0:00:20]} 6. Bc4 {[%emt 0:01:24]} Qb6 {[%emt 0:01:14]} 7. Nxc6 {[%emt 0:01:01]} bxc6 {[%emt 0:00:33]} 8. O-O {[%emt 0:00:06]} e5 {[%emt 0:03:58]} 9. Bb3 {[%emt 0:08:31]} Be6 {[%emt 0:01:57]} 10. Kh1 {[%emt 0:02:21]} Be7 {[%emt 0:05:24]} 11. Qd3 {[%emt 0:11:08]} Qb7 {[%emt 0:14:42]} 12. f4 {[%emt 0:09:53]} exf4 {[%emt 0:17:40]} 13. Bxf4 {[%emt 0:00:18]} d5 {[%emt 0:00:18]} 14. exd5 {[%emt 0:00:46]} Nxd5 {[%emt 0:00:38]} 15. Nxd5 {[%emt 0:00:56]} Bxd5 {[%emt 0:00:44]} 16. Qg3 {[%emt 0:05:46]} g6 {[%emt 0:13:04]} 17. Qc3 {[%emt 0:02:49]} O-O-O {[%emt 0:02:02]} 18. Bxd5 {[%emt 0:00:14]} 1-0

[Event "18th Charleroi Open-A 2019"]
[Site "Charleroi"]
[Date "2019.07.28"]
[Round "2.9"]
[White "Moreels, Yves"]
[Black "Gijsen, Stief"]
[Result "1/2-1/2"]
[WhiteElo "2079"]
[BlackElo "2227"]
[Annotator "NA"]
[PlyCount "117"]
[EventDate "2019.07.22"]
[EventType "swiss"]
[EventCountry "BEL"]
[SourceTitle "playchess.com"]
[Source "ChessBase"]
[SourceQuality "1"]
[TimeControl "40/5400+30:1800+30"]

1. c4 {[%emt 1:30:30]} e5 {[%emt 1:30:30]} 2. Nc3 {[%emt 0:00:30]} Nf6 {[%emt 0:00:30]} 3. Nf3 {[%emt 0:00:30]} Nc6 {[%emt 0:00:30]} 4. g3 {[%emt 0:00:30]} d5 {[%emt 0:00:30]} 5. cxd5 {[%emt 0:00:30]} Nxd5 {[%emt 0:00:30]} 6. Bg2 {[%emt 0:00:30]} Nb6 {[%emt 0:00:30]} 7. O-O {[%emt 0:00:30]} Be7 {[%emt 0:00:30]} 8. a3 {[%emt 0:00:30]} O-O {[%emt 0:00:30]} 9. b4 {[%emt 0:00:30]} Be6 {[%emt 0:00:30]} 10. Rb1 {[%emt 0:00:30]} f6 {[%emt 0:00:30]} 11. d3 {[%emt 0:00:30]} a5 {[%emt 0:00:30]} 12. b5 {[%emt 0:00:30]} Nd4 {[%emt 0:00:30]} 13. Be3 {[%emt 0:00:30]} Bxa3 {[%emt 0:00:30]} 14. Bxd4 {[%emt 0:00:30]} exd4 15. Na4 {[%emt 0:00:30]} Bb4 {[%emt 0:01:00]} 16. Qc2 {[%emt 0:00:30]} Nxa4 {[%emt 0:00:30]} 17. Qxa4 {[%emt 0:00:30]} Bd5 {[%emt 0:00:30]} 18. Rfc1 {[%emt 0:00:30]} Qd7 {[%emt 0:00:30]} 19. Rxb4 {[%emt 0:00:30]} axb4 {[%emt 0:00:30]} 20. Qxb4 {[%emt 0:00:30]} Ra2 {[%emt 0:00:30]} 21. Nxd4 {[%emt 0:00:30]} Bxg2 {[%emt 0:00:30]} 22. Kxg2 {[%emt 0:00:30]} Rd8 23. Rc4 {[%emt 0:00:30]} Qd5+ {[%emt 0:01:00]} 24. e4 {[%emt 0:00:30]} Qd6 {[%emt 0:00:30]} 25. Qb3 {[%emt 0:00:30]} Ra3 {[%emt 0:00:30]} 26. Qc2 {[%emt 0:00:30]} Qb6 {[%emt 0:00:30]} 27. Nf5 {[%emt 0:00:30]} Raxd3 {[%emt 0:00:30]} 28. Ne7+ {[%emt 0:00:30]} Kf8 {[%emt 0:00:30]} 29. Nd5 {[%emt 0:00:30]} R3xd5 {[%emt 0:00:30]} 30. exd5 {[%emt 0:00:30]} Qxb5 {[%emt 0:00:30]} 31. Rc5 {[%emt 0:00:30]} Qd7 {[%emt 0:00:30]} 32. Qxh7 {[%emt 0:00:30]} b6 {[%emt 0:00:30]} 33. Qh8+ {[%emt 0:00:30]} Kf7 {[%emt 0:00:30]} 34. Qh5+ {[%emt 0:00:30]} Kg8 {[%emt 0:00:30]} 35. Rc1 {[%emt 0:00:30]} Qxd5+ {[%emt 0:00:30]} 36. Qxd5+ {[%emt 0:00:30]} Rxd5 {[%emt 0:00:30]} 37. Rxc7 {[%emt 0:00:30]} b5 {[%emt 0:00:30]} 38. h4 {[%emt 0:00:30]} b4 {[%emt 0:00:30]} 39. Rb7 {[%emt 0:00:30]} Rd4 {[%emt 0:00:30]} 40. Kf3 {[%emt 0:00:30]} Rc4 {[%emt 0:00:30]} 41. Ke2 {[%emt 0:30:30]} Kh7 {[%emt 0:30:30]} 42. Kd3 {[%emt 0:00:30]} Rg4 {[%emt 0:00:30]} 43. Ke3 {[%emt 0:00:30]} Kg6 {[%emt 0:00:30]} 44. Rb5 {[%emt 0:00:30]} Kf7 {[%emt 0:00:30]} 45. Ke2 {[%emt 0:00:30]} Rc4 {[%emt 0:00:30]} 46. Kd3 {[%emt 0:00:30]} Rg4 {[%emt 0:00:30]} 47. Ke2 {[%emt 0:00:30]} Ke6 {[%emt 0:00:30]} 48. f4 {[%emt 0:00:30]} Rxg3 {[%emt 0:00:30]} 49. Rxb4 {[%emt 0:00:30]} Kf5 {[%emt 0:00:30]} 50. Kf2 {[%emt 0:00:30]} Kg4 {[%emt 0:00:30]} 51. h5 {[%emt 0:00:30]} Rf3+ {[%emt 0:00:30]} 52. Ke2 Rg3 {[%emt 0:00:30]} 53. Kf2 {[%emt 0:01:00]} Kh4 {[%emt 0:00:30]} 54. Rb5 {[%emt 0:00:30]} Ra3 {[%emt 0:00:30]} 55. Rb7 {[%emt 0:00:30]} Kg4 {[%emt 0:00:30]} 56. Rxg7+ {[%emt 0:00:30]} Kxf4 {[%emt 0:00:30]} 57. h6 {[%emt 0:00:30]} Rh3 {[%emt 0:00:30]} 58. h7 {[%emt 0:00:30]} f5 {[%emt 0:00:30]} 59. Kg2 {[%emt 0:00:30]} 1/2-1/2

[Event "18th Charleroi Open-A 2019"]
[Site "Charleroi"]
[Date "2019.07.28"]
[Round "2.10"]
[White "De Waele, Warre"]
[Black "Van Dijck, Bjarne"]
[Result "1-0"]
[WhiteElo "2225"]
[BlackElo "2053"]
[Annotator "NA"]
[PlyCount "77"]
[EventDate "2019.07.22"]
[EventType "swiss"]
[EventCountry "BEL"]
[SourceTitle "playchess.com"]
[Source "ChessBase"]
[SourceQuality "1"]
[TimeControl "40/5400+30:1800+30"]

1. d4 {[%emt 0:00:00]} Nf6 {[%emt 0:00:00]} 2. Nf3 {[%emt 0:00:00]} g6 {[%emt 0:00:00]} 3. c4 {[%emt 0:00:08]} Bg7 {[%emt 0:00:58]} 4. Nc3 {[%emt 0:00:35]} d5 {[%emt 0:00:07]} 5. cxd5 {[%emt 0:02:01]} Nxd5 {[%emt 0:00:05]} 6. e4 {[%emt 0:00:11]} Nxc3 {[%emt 0:00:07]} 7. bxc3 {[%emt 0:00:04]} c5 {[%emt 0:00:05]} 8. Be3 {[%emt 0:01:59]} Bg4 {[%emt 0:01:31]} 9. Rc1 {[%emt 0:07:51]} O-O {[%emt 1:31:37]} 10. Qd2 {[%emt 1:22:11]} Qa5 {[%emt 0:00:00]} 11. d5 {[%emt 0:00:00]} c4 {[%emt 0:00:00]} 12. Nd4 {[%emt 0:00:00]} b5 {[%emt 0:00:00]} 13. h4 {[%emt 0:00:00]} e6 {[%emt 0:00:00]} 14. dxe6 {[%emt 0:00:00]} fxe6 15. h5 {[%emt 0:00:00]} Rd8 {[%emt 0:00:00]} 16. e5 {[%emt 0:00:00]} Bxe5 {[%emt 0:00:00]} 17. hxg6 {[%emt 0:00:00]} hxg6 {[%emt 0:00:00]} 18. f3 {[%emt 0:00:00]} Bf5 {[%emt 0:00:00]} 19. g4 {[%emt 0:00:00]} Nc6 {[%emt 0:02:53]} 20. gxf5 {[%emt 0:00:00]} Nxd4 {[%emt 0:00:55]} 21. cxd4 {[%emt 0:00:00]} Qxd2+ {[%emt 0:00:32]} 22. Kxd2 {[%emt 0:00:00]} Bxd4 {[%emt 0:01:05]} 23. Bxd4 {[%emt 0:00:00]} Rxd4+ {[%emt 0:00:20]} 24. Ke3 {[%emt 0:00:00]} e5 {[%emt 0:00:38]} 25. Rg1 {[%emt 0:00:00]} Rad8 {[%emt 0:00:59]} 26. Rxg6+ {[%emt 0:00:00]} Kf7 {[%emt 0:00:07]} 27. Re6 {[%emt 0:00:00]} Rd1 {[%emt 0:00:51]} 28. Rxd1 {[%emt 0:00:00]} Rxd1 {[%emt 0:00:06]} 29. Be2 {[%emt 0:00:00]} Ra1 {[%emt 0:00:44]} 30. Ra6 {[%emt 0:00:00]} c3 {[%emt 0:00:41]} 31. Rxa7+ {[%emt 0:00:00]} Kf6 {[%emt 0:00:01]} 32. Bd3 {[%emt 0:00:00]} Re1+ {[%emt 0:00:52]} 33. Kf2 {[%emt 0:00:00]} Rd1 {[%emt 0:00:33]} 34. Ke2 {[%emt 0:00:00]} Rd2+ {[%emt 0:00:08]} 35. Ke3 {[%emt 0:00:00]} b4 {[%emt 0:00:44]} 36. Ra6+ {[%emt 0:00:00]} Kf7 {[%emt 0:00:19]} 37. Rb6 {[%emt 0:00:00]} Rb2 {[%emt 0:00:03]} 38. Bc4+ {[%emt 0:00:00]} Kf8 {[%emt 0:01:03]} 39. f6 {[%emt 0:00:00]} 1-0

[Event "18th Charleroi Open-A 2019"]
[Site "Charleroi"]
[Date "2019.07.28"]
[Round "2.11"]
[White "Miulescu, Gabriel"]
[Black "Faybish, Nimrod"]
[Result "0-1"]
[WhiteElo "2020"]
[BlackElo "2220"]
[Annotator "TA"]
[PlyCount "110"]
[EventDate "2019.07.22"]
[EventType "swiss"]
[EventCountry "BEL"]
[SourceTitle "playchess.com"]
[Source "ChessBase"]
[SourceQuality "1"]

{[%evp 21,110,0,41,28,10,14,25,11,58,-41,-40,-95,-82,-135,-118,-202,-149,-152,-162,-157,-153,-118,-108,-125,77,-145,-130,-239,-189,-256,-257,-297,-294,-285,-275,-312,-201,-190,-180,-196,-199,-189,-176,-274,-222,-224,-224,-431,-412,-416,-235,-388,-352,-352,-339,-394,-387,-364,-238,-301,-284,-466,-452,-443,-437,-443,-436,-443,-437,-521,-475,-883,-853,-859,-797,-1211,-1110,-1312,-1233,-1544,-1406,-29979,-29977,-29989,-29972,-29947,-29942,-29984,-29985,-29995,-29986]} 1. e4 c5 2. Nf3 d6 3. d4 cxd4 4. Nxd4 Nf6 5. Nc3 a6 6. Be3 e5 7. Nb3 Be6 8. f3 h5 9. Qd2 Nbd7 10. O-O-O Be7 11. Kb1 Rc8 12. h3 {B90: Sicilian Najdorf: Unusual White 6th moves, 6 Be3 Ng4 and 6 Be3 e5} (12. h4 b5 13. Bg5 Qb6 14. Nd5 Nxd5 15. exd5 Bf5 16. Bd3 Bxd3 17. Qxd3 Qd8 18. Be3 Rc4 19. Nd2 Rxh4 20. Rxh4 Bxh4 {1-0 (44) Yu,Y (2751)-Zhou,J (2597) Shenzhen 2017}) 12... b5 13. f4 Qc7 14. Bd3 {White has an edge.} b4 $146 ({Predecessor:} 14... h4 15. Qf2 exf4 16. Bxf4 Nh5 17. Bh2 Bf6 18. Bxb5 Ng3 19. Bxd7+ Qxd7 {1-0 (63) Preotu,R (2524)-Kambrath,Y (2336) Dallas 2018}) 15. Ne2 (15. Nd5 $1 $14 Bxd5 16. exd5) 15... a5 $15 {[%cal Ba6a5,Ba5a4][%mdl 32]} 16. f5 (16. g4 $15) 16... Bc4 $17 17. g4 ({White should try} 17. Bxc4 Qxc4 18. Qd3) 17... a4 $36 {[%mdl 2048] Black is in control.} (17... hxg4 18. hxg4 Rxh1 19. Rxh1 $15) 18. Nbc1 (18. g5 $17 axb3 19. cxb3 Bxd3+ 20. Qxd3) 18... hxg4 19. hxg4 Rxh1 20. Rxh1 Nxg4 21. Rh8+ Nf8 {Threatens to win with ...Bxd3.} 22. Bg1 Bg5 $2 (22... Bxd3 $17 {keeps the pressure on.} 23. Qxd3 Qc6) 23. Qd1 $2 ({Avoid the trap} 23. Qxg5 $2 Bxd3 24. Nc3 {[#]} (24. cxd3 {leads to mate.} Qc2+ 25. Ka1 a3 26. bxa3 bxa3 27. Bd4 exd4 28. Rxf8+ Kxf8 29. Qe7+ {[%mdl 64] Decoy} Kxe7 30. f6+ gxf6 31. Nxd4 Qxc1#) 24... Bxc2+ $1 {[%mdl 512]} 25. Kxc2 bxc3 $19) (23. Qxb4 $16 {And now Nc3 would win.} Bxc1 24. Qxa4+ (24. Nxc1 Qc6 $14) 24... Ke7 25. Nxc1) 23... Nf6 24. Rh2 (24. Bf2 $17) 24... Ke7 25. Rg2 (25. Rh8 $142) 25... Bh6 $19 26. Ng3 N8d7 27. Bxc4 Qxc4 28. Qd3 {If only White now had time for Qxc4....} Bxc1 29. Qxc4 Rxc4 30. Kxc1 b3 ({Don't take} 30... Nxe4 31. b3 $17) 31. axb3 axb3 32. Kd1 (32. Re2 $142) 32... Nxe4 33. cxb3 Rb4 34. Nh5 $2 (34. Nxe4 {keeps fighting.} Rxe4 35. Rxg7) 34... Rxb3 35. Nxg7 Rg3 (35... Ndf6 $142 {White must now prevent ...Kf8.} 36. Kc2 Rh3) 36. f6+ $2 (36. Rxg3 {was the only chance.} Nxg3 37. Bf2) 36... Kd8 37. Rxg3 Nxg3 {[%mdl 4096] Endgame KBN-KNN} 38. Bf2 Ne4 {[%mdl 64] [#] Double Attack} 39. Bh4 Nexf6 40. Nh5 Ke7 41. b4 $2 (41. Ng7) 41... Ke6 42. Ng7+ Kd5 43. Nf5 Ne8 44. Kd2 Ke4 45. Ne7 d5 46. Kc3 (46. Nc8 $142) 46... Nd6 47. Bf2 d4+ 48. Kb3 Nb6 49. Nc6 f5 50. Bh4 f4 51. Kc2 Nbc4 {Black mates.} 52. Bf2 Nb5 53. Kb3 d3 54. Na5 d2 55. Kc2 Nc3 {[%mdl 64] Promotion. Accuracy: White = 18%, Black = 63%.} 0-1

[Event "18th Charleroi Open-A 2019"]
[Site "Charleroi"]
[Date "2019.07.28"]
[Round "2.12"]
[White "Verbist, Julien"]
[Black "Abdullayev, Elshad"]
[Result "1/2-1/2"]
[WhiteElo "1974"]
[BlackElo "2204"]
[Annotator "NA"]
[PlyCount "53"]
[EventDate "2019.07.22"]
[EventType "swiss"]
[EventCountry "BEL"]
[SourceTitle "playchess.com"]
[Source "ChessBase"]
[SourceQuality "1"]
[TimeControl "40/5400+30:1800+30"]

1. e4 {[%emt 0:00:00]} c5 {[%emt 0:03:22]} 2. Bc4 {[%emt 0:00:00]} e6 {[%emt 0:00:35]} 3. Qe2 {[%emt 0:00:00]} a6 {[%emt 0:00:07]} 4. d3 {[%emt 0:00:00]} Nc6 {[%emt 0:01:40]} 5. c3 {[%emt 0:00:00]} Na5 {[%emt 0:01:31]} 6. Nd2 {[%emt 0:00:18]} b5 {[%emt 0:00:10]} 7. Bb3 {[%emt 0:00:05]} Nxb3 {[%emt 0:00:11]} 8. Nxb3 {[%emt 0:00:35]} d5 {[%emt 0:05:16]} 9. d4 {[%emt 0:04:22]} c4 {[%emt 0:01:20]} 10. Nd2 {[%emt 0:00:14]} dxe4 {[%emt 0:00:25]} 11. Nxe4 Bb7 {[%emt 0:00:35]} 12. Nf3 {[%emt 0:00:34]} Nf6 {[%emt 0:00:38]} 13. Bg5 {[%emt 0:01:15]} Bxe4 {[%emt 0:00:30]} 14. Bxf6 {[%emt 0:00:42]} Bxf3 {[%emt 0:02:14]} 15. Qxf3 {[%emt 0:00:25]} gxf6 {[%emt 0:00:12]} 16. Qc6+ {[%emt 0:00:04]} Ke7 {[%emt 0:00:04]} 17. Qb7+ {[%emt 0:00:06]} Kd6 {[%emt 0:00:08]} 18. d5 {[%emt 0:00:11]} exd5 {[%emt 0:01:16]} 19. O-O-O {[%emt 0:00:07]} Kc5 {[%emt 0:12:46]} 20. b4+ {[%emt 0:00:18]} cxb3 {[%emt 0:00:05]} 21. axb3 {[%emt 0:00:11]} a5 {[%emt 0:00:19]} 22. c4 {[%emt 0:03:38]} bxc4 {[%emt 0:03:18]} 23. bxc4 {[%emt 0:00:07]} Kxc4 {[%emt 0:56:34]} 24. Qc6+ {[%emt 0:01:12]} Bc5 25. Qa4+ {[%emt 0:04:44]} Bb4 {[%emt 0:01:31]} 26. Qc6+ {[%emt 0:00:37]} Bc5 {[%emt 0:00:13]} 27. Qa4+ {[%emt 0:00:41]} 1/2-1/2

[Event "18th Charleroi Open-A 2019"]
[Site "Charleroi"]
[Date "2019.07.28"]
[Round "2.13"]
[White "Decrop, Benjamin"]
[Black "Partoens, Remi"]
[Result "1-0"]
[WhiteElo "2183"]
[BlackElo "1957"]
[Annotator "NA"]
[PlyCount "105"]
[EventDate "2019.07.22"]
[EventType "swiss"]
[EventCountry "BEL"]
[SourceTitle "playchess.com"]
[Source "ChessBase"]
[SourceQuality "1"]
[TimeControl "40/5400+30:1800+30"]

1. e4 {[%emt 0:00:00]} e5 {[%emt 0:00:00]} 2. Nf3 {[%emt 0:00:00]} Nf6 {[%emt 0:00:00]} 3. Nc3 {[%emt 0:00:00]} Nc6 {[%emt 0:00:03]} 4. d4 {[%emt 0:00:00]} exd4 {[%emt 0:00:26]} 5. Nxd4 {[%emt 0:00:00]} Bb4 {[%emt 0:00:05]} 6. Nxc6 {[%emt 0:00:00]} bxc6 {[%emt 0:00:04]} 7. Bd3 {[%emt 0:00:04]} O-O {[%emt 0:00:31]} 8. O-O {[%emt 0:00:05]} Re8 {[%emt 0:03:06]} 9. Qf3 {[%emt 0:06:45]} Rb8 {[%emt 0:00:19]} 10. h3 {[%emt 0:00:47]} Bd6 {[%emt 0:00:07]} 11. Rb1 {[%emt 0:21:30]} Be5 {[%emt 0:01:33]} 12. Bd2 {[%emt 0:00:39]} d6 {[%emt 0:01:33]} 13. b3 {[%emt 0:01:22]} c5 {[%emt 0:08:13]} 14. Rfe1 {[%emt 0:04:03]} Bd7 {[%emt 0:17:30]} 15. Nd5 {[%emt 0:00:16]} Nxd5 {[%emt 0:01:47]} 16. exd5 {[%emt 0:00:21]} Qf6 {[%emt 0:00:13]} 17. Qxf6 {[%emt 0:01:50]} Bxf6 {[%emt 0:01:04]} 18. Ba5 {[%emt 0:00:07]} Bd8 {[%emt 0:06:12]} 19. Bf5 {[%emt 0:03:09]} c6 {[%emt 0:03:10]} 20. Bc3 {[%emt 0:00:18]} Rxe1+ {[%emt 0:15:55]} 21. Rxe1 {[%emt 0:00:05]} Ba5 {[%emt 0:05:11]} 22. Bxa5 {[%emt 0:00:52]} Bxf5 {[%emt 0:00:26]} 23. dxc6 {[%emt 0:00:44]} Rc8 {[%emt 0:07:13]} 24. c4 {[%emt 0:11:48]} Kf8 {[%emt 0:01:29]} 25. c7 {[%emt 0:01:00]} Re8 {[%emt 0:03:24]} 26. Rd1 {[%emt 0:00:19]} Ke7 {[%emt 0:00:16]} 27. b4 {[%emt 0:01:13]} Rc8 {[%emt 0:06:48]} 28. bxc5 {[%emt 0:01:32]} dxc5 {[%emt 0:00:22]} 29. Rd5 {[%emt 0:00:30]} Be6 {[%emt 0:00:39]} 30. Rxc5 {[%emt 0:00:32]} Kd6 {[%emt 0:01:24]} 31. Rb5 {[%emt 0:05:47]} Bxc4 {[%emt 0:00:28]} 32. Rb8 {[%emt 0:00:35]} Ba6 {[%emt 0:02:14]} 33. f3 {[%emt 0:00:48]} Kc6 {[%emt 0:00:37]} 34. Kf2 {[%emt 0:00:53]} Bb7 {[%emt 0:00:56]} 35. h4 {[%emt 0:01:40]} Kb5 {[%emt 0:01:45]} 36. Rxb7+ {[%emt 0:00:09]} Kxa5 {[%emt 0:00:11]} 37. Rxa7+ {[%emt 0:00:49]} Kb6 {[%emt 0:00:07]} 38. Ra3 {[%emt 0:00:11]} Rxc7 {[%emt 0:00:05]} 39. Rb3+ {[%emt 0:00:04]} Ka5 {[%emt 0:01:00]} 40. g4 {[%emt 0:00:25]} Rc2+ {[%emt 0:00:26]} 41. Kg3 {[%emt 0:30:12]} Rc7 {[%emt 0:37:54]} 42. h5 {[%emt 0:01:19]} h6 {[%emt 0:01:26]} 43. Kf4 {[%emt 0:01:38]} Re7 {[%emt 0:00:00]} 44. Kf5 {[%emt 0:00:00]} Rc7 {[%emt 0:00:00]} 45. Rb8 {[%emt 0:00:00]} Ka4 {[%emt 0:00:00]} 46. Rg8 {[%emt 0:00:00]} Rc5+ {[%emt 0:00:00]} 47. Kf4 {[%emt 0:00:00]} Rg5 {[%emt 0:00:00]} 48. Rf8 {[%emt 0:00:00]} f6 {[%emt 0:00:00]} 49. Rf7 {[%emt 0:00:00]} Kb4 {[%emt 0:00:00]} 50. Kg3 {[%emt 0:00:00]} Kc4 {[%emt 0:00:00]} 51. f4 {[%emt 0:00:00]} Ra5 {[%emt 0:00:00]} 52. Rxg7 {[%emt 0:00:00]} Ra3+ {[%emt 0:00:00]} 53. Kh4 {[%emt 0:00:00]} 1-0

[Event "18th Charleroi Open-A 2019"]
[Site "Charleroi"]
[Date "2019.07.28"]
[Round "2.14"]
[White "Ramacker, Quinten"]
[Black "Hoffmeister, Frank"]
[Result "0-1"]
[WhiteElo "2006"]
[BlackElo "2187"]
[Annotator "NA"]
[PlyCount "85"]
[EventDate "2019.07.22"]
[EventType "swiss"]
[EventCountry "BEL"]
[SourceTitle "playchess.com"]
[Source "ChessBase"]
[SourceQuality "1"]
[TimeControl "40/5400+30:1800+30"]

1. e4 {[%emt 0:00:17]} e6 {[%emt 0:00:00]} 2. d4 {[%emt 0:00:13]} d5 {[%emt 0:00:00]} 3. Bd3 {[%emt 0:02:21]} dxe4 {[%emt 0:09:01]} 4. Bxe4 {[%emt 0:00:13]} Nf6 {[%emt 0:00:04]} 5. Bf3 {[%emt 0:00:09]} Nc6 {[%emt 0:00:26]} 6. Be3 {[%emt 1:29:47]} Bd6 {[%emt 0:05:18]} 7. Nc3 {[%emt 0:00:00]} O-O {[%emt 0:02:08]} 8. Nge2 {[%emt 0:00:00]} e5 {[%emt 0:02:57]} 9. O-O {[%emt 0:00:00]} Bg4 {[%emt 0:18:15]} 10. d5 {[%emt 0:00:00]} Bxf3 {[%emt 0:02:26]} 11. gxf3 {[%emt 0:00:00]} Ne7 {[%emt 0:00:05]} 12. Bg5 {[%emt 0:00:00]} Ng6 {[%emt 0:01:01]} 13. Ng3 {[%emt 0:00:00]} h6 {[%emt 0:03:41]} 14. Be3 {[%emt 0:00:00]} Bb4 {[%emt 0:06:43]} 15. Nge4 {[%emt 0:00:00]} Bxc3 16. Nxc3 {[%emt 0:00:00]} Qd7 {[%emt 0:02:54]} 17. Ne4 {[%emt 0:00:00]} Nxd5 {[%emt 0:08:00]} 18. c4 {[%emt 0:00:00]} Qh3 {[%emt 0:02:25]} 19. Kh1 {[%emt 0:00:00]} Nh4 {[%emt 0:04:54]} 20. Rg1 {[%emt 0:00:00]} Nxe3 {[%emt 0:02:54]} 21. fxe3 {[%emt 0:00:00]} Rad8 {[%emt 0:00:51]} 22. Qe2 {[%emt 0:00:00]} Qxf3+ {[%emt 0:00:08]} 23. Qxf3 {[%emt 0:00:00]} Nxf3 {[%emt 0:00:01]} 24. Rg3 {[%emt 0:00:00]} Nh4 {[%emt 0:02:24]} 25. Rag1 {[%emt 0:00:00]} g6 {[%emt 0:03:09]} 26. Nf6+ {[%emt 0:00:00]} Kg7 {[%emt 0:01:17]} 27. Nh5+ {[%emt 0:00:00]} Kh7 {[%emt 0:01:10]} 28. Nf6+ {[%emt 0:00:00]} Kg7 {[%emt 0:00:05]} 29. Nh5+ {[%emt 0:00:00]} Kh8 {[%emt 0:00:22]} 30. Rh3 {[%emt 0:00:00]} g5 {[%emt 0:02:06]} 31. Nf6 {[%emt 0:00:00]} Rd6 {[%emt 0:01:46]} 32. Ng4 {[%emt 0:00:00]} e4 {[%emt 0:03:00]} 33. c5 {[%emt 0:00:00]} Re6 {[%emt 0:01:02]} 34. Rd1 {[%emt 0:00:00]} f5 {[%emt 0:00:44]} 35. Nf2 {[%emt 0:00:00]} Rf7 {[%emt 0:01:04]} 36. Rd8+ {[%emt 0:00:00]} Kg7 {[%emt 0:00:02]} 37. Nd1 {[%emt 0:00:00]} Ree7 {[%emt 0:00:23]} 38. Nc3 {[%emt 0:00:00]} Rd7 {[%emt 0:00:36]} 39. Ra8 {[%emt 0:00:00]} Rd2 {[%emt 0:01:10]} 40. Rxa7 {[%emt 0:00:00]} Rxb2 {[%emt 0:00:19]} 41. Rg3 {[%emt 0:19:13]} Rc2 {[%emt 0:31:44]} 42. Ra3 {[%emt 0:00:25]} Nf3 {[%emt 0:00:23]} 43. Nb1 {[%emt 0:00:57]} 0-1

[Event "18th Charleroi Open-A 2019"]
[Site "Charleroi"]
[Date "2019.07.28"]
[Round "2.17"]
[White "Duhayon, Yves"]
[Black "Godde, Matthias"]
[Result "0-1"]
[WhiteElo "2132"]
[BlackElo "1989"]
[Annotator "NA"]
[PlyCount "26"]
[EventDate "2019.07.22"]
[EventType "swiss"]
[EventCountry "BEL"]
[SourceTitle "playchess.com"]
[Source "ChessBase"]
[SourceQuality "1"]
[TimeControl "40/5400+30:1800+30"]

1. d4 {[%emt 0:00:00]} Nf6 {[%emt 0:00:00]} 2. c4 {[%emt 0:00:00]} g6 {[%emt 0:00:00]} 3. Nc3 {[%emt 0:00:03]} Bg7 {[%emt 0:00:00]} 4. e4 {[%emt 0:00:31]} d6 {[%emt 0:00:00]} 5. Nf3 {[%emt 0:00:19]} O-O {[%emt 0:00:00]} 6. Be2 {[%emt 0:00:13]} e5 {[%emt 0:00:30]} 7. O-O {[%emt 0:00:32]} Nc6 {[%emt 0:00:11]} 8. d5 {[%emt 0:00:25]} Ne7 {[%emt 0:00:01]} 9. Bg5 {[%emt 0:00:29]} Nh5 {[%emt 0:01:39]} 10. Ne1 {[%emt 0:00:38]} Nf4 {[%emt 0:00:07]} 11. Nd3 {[%emt 0:00:27]} Nxe2+ {[%emt 0:00:22]} 12. Qxe2 {[%emt 0:00:23]} h6 {[%emt 0:00:24]} 13. Bd2 {[%emt 0:02:33]} g5 {[%emt 1:33:16]} 0-1